|
|
|
|
| LEADER |
00000nam a2200000 a 4500 |
| 001 |
vtls001083422 |
| 003 |
SK-MaSNL |
| 005 |
20260301000935.0 |
| 008 |
250414s1986 xo 0 slo |
| 015 |
|
|
|a SNBA1987/02
|
| 035 |
|
|
|a SNK000026260
|
| 040 |
|
|
|a SNK
|b slo
|c SNK
|e AACR2
|
| 041 |
0 |
|
|a slo
|
| 044 |
|
|
|a xo
|c SK
|
| 080 |
|
|
|a 82:061.7:06.063:82.085
|2 1981
|
| 080 |
|
|
|a 061.7
|2 1981
|
| 080 |
|
|
|a 06.063
|2 1981
|
| 080 |
|
|
|a 82.085
|2 1981
|
| 100 |
1 |
|
|a Kamenistý, Ján,
|d 1941-
|4 aut
|9 103266
|
| 245 |
1 |
0 |
|a Zápisník 32. Hviezdoslavovho Kubína 1986
|c Ján Kamenistý ; Ján Kamenistý, Filip Lašut, Elena Šullová
|
| 250 |
|
|
|a 1. vyd.
|
| 260 |
|
|
|a Bratislava
|b Tatran
|b Osvetový ústav
|c 1986
|
| 300 |
|
|
|a 88 s., 4,66 AH
|b Tb. Fot.
|c 20 cm
|
| 366 |
|
|
|e 1000 výtl.
|
| 500 |
|
|
|a Účelový náklad.
|
| 700 |
1 |
|
|a Kamenistý, Ján,
|d 1941-
|4 com
|9 103266
|
| 700 |
1 |
|
|a Lašut, Filip,
|d 1945-2012
|4 bkd
|9 151668
|
| 700 |
1 |
|
|a Šullová, Elena
|4 bkd
|9 60569
|
| 852 |
|
|
|a Slovenská národná knižnica
|
| 954 |
|
|
|a prednes umelecký
|a Hviezdoslavov Kubín 1986
|
| 958 |
|
|
|a LX
|
| 958 |
|
|
|a TL
|
| 958 |
|
|
|a OND
|
| 999 |
|
|
|c 533849
|d 535779
|
| 952 |
|
|
|a SNK
|b SNK
|y PREZ
|7 0
|p 17A0934327
|o snkSC 67421
|0 0
|1 0
|4 0
|d 2012-08-22
|l 0
|r 2025-07-10 00:00:00
|w 2026-02-23
|
| 952 |
|
|
|t P60, <04>, [BOOK], {604}
|a SNK
|b SNK
|y VYP
|7 0
|p 17A0091376
|o snkSC 67421 D1
|0 0
|1 0
|4 0
|d 1997-09-04
|l 0
|r 2004-12-31 00:00:00
|w 2026-02-23
|